Sports Quiz

Random Sports or Baseball Quiz

Baseball Hall of Fame Positions Quiz Stats

 Plays Quiz not verified by Sporcle

Challenge
Share
Tweet
Embed
Score 0/80 Timer 08:00
0 Plays Today
% Correct
Pitcher
91.4%
Pitcher
88.6%
Outfield
87.2%
Manager
87.2%
Pitcher
87%
Outfield
86.7%
Outfield
86.7%
Pitcher
86.6%
Outfield
86.6%
Manager
86.6%
Pitcher
86.4%
Outfield
86.4%
Pitcher
86%
Pitcher
85.8%
Pitcher
85.8%
Outfield
85.8%
Manager
85.8%
Catcher
85.7%
Pitcher
85.5%
Pitcher
84.8%
Pitcher
84.6%
Manager
84.6%
Pitcher
84.5%
Outfield
84.3%
Outfield
84.3%
Pitcher
84%
Shortstop
83.9%
First Base
83.7%
Outfield
83.6%
Outfield
83.6%
Outfield
83.6%
Pitcher
83.4%
Outfield
83.4%
Shortstop
83.3%
Shortstop
83.3%
Outfield
83.3%
Outfield
83.1%
Third Base
82.8%
Third Base
82.7%
Outfield
82.7%
% Correct
Outfield
82.7%
First Base
82.5%
Shortstop
82.1%
Catcher
81.8%
Catcher
81.3%
Manager
81.2%
Third Base
80.9%
Outfield
80.9%
Outfield
80%
Pitcher
79.7%
Catcher
79.7%
Outfield
79.7%
Outfield
79.5%
Shortstop
79.4%
Third Base
79.1%
First Base
78.3%
Second Base
77.6%
Second Base
77.6%
Second Base
77.3%
Third Base
76.8%
Manager
76.8%
Catcher
76.5%
Second Base
76.2%
Outfield
76.2%
Outfield
74.2%
Third Base
73.9%
Shortstop
73.9%
Shortstop
73.8%
Outfield
73.8%
First Base
73.3%
Second Base
72.6%
Second Base
70.2%
Outfield
70.2%
Second Base
69.7%
First Base
64.9%
First Base
63%
Second Base
61.6%
Third Base
60.8%
First Base
58.9%
First Base
58%

You're not logged in!

Compare scores with friends on all Sporcle quizzes.
Join for Free
OR
Log In

You Might Also Like...

Show Comments

Extras

Top Quizzes Today


Score Distribution

Your Account Isn't Verified!

In order to create a playlist on Sporcle, you need to verify the email address you used during registration. Go to your Sporcle Settings to finish the process.

Report this User

Report this user for behavior that violates our Community Guidelines.

Details: